00893nam a22001937a 4500003000900000008004100009040007100050082004500121110005500166245006800221260003900289300002800328440005700356505017400413650001800587650002600605650001300631710005500644AR-CdUCM190425b ||||| |||| 00| 0 spa d aMUNICIPALIDAD PROVINCIAL DEL CUSCOcBIBLIOTECA MUNICIPAL DEL CUSCO aRev.Univ/N°43/1924bRev.Univ/N°43/1924 aUniversidad Nacional de San Antonio Abad del Cusco aRevista Universitaria :bÓrgano de la Universidad del Cuzco / aCusco :bH. G. Rozas,cmarzo 1924. a77 páginas. :c20 cm. aRevista UniversitarianAño XIII, marzo 1924, N°43 aContenido: Estudio geográfico del Cuzco. Federico Ponce de León. -- La Universidad del Cuzco en 1923. Memoria del rector Eufracio Álvarez. Crónica universitaria. aUniversidades aGeografía del Cusco aSiglo XX aUniversidad Nacional de San Antonio Abad del Cusco